[Event "Ì11Ï"]
[Site "Loo"]
[Date "2017.04.26"]
[Round "7.15"]
[White "Àâåðèí, Íèêîëàé."]
[Black "Ðàêèòèí, Äàíèèë."]
[Result "0-1"]
[WhiteElo "1363"]
[BlackElo "1663"]
[PlyCount "162"]
[EventDate "2017.04.20"]

1. e4 e6 2. d4 d5 3. e5 c5 4. c3 Nc6 5. Nf3 Qb6 6. a3 c4 7. Be2 Nge7 8. Nbd2
Na5 9. O-O Bd7 10. Re1 Ng6 11. Bf1 Qc6 12. Qc2 Qa4 13. Qxa4 Bxa4 14. g3 Nb3 15.
Nxb3 Bxb3 16. Nd2 Bc2 17. f4 h5 18. h4 Ne7 19. Bh3 Bf5 20. Kh2 Bxh3 21. Kxh3
Nf5 22. Nf1 Be7 23. Ne3 Nh6 24. Bd2 Kd7 25. Rf1 g6 26. Rab1 Nf5 27. Nc2 Rab8
28. b3 cxb3 29. Rxb3 a6 30. Rfb1 Kc7 31. Rb6 Bd8 32. Kg2 Kc8 33. R6b3 Ne7 34.
Nb4 Bc7 35. Nd3 Nc6 36. Nc5 Na5 37. Rb4 b6 38. Nxa6 Rb7 39. Nxc7 Kxc7 40. Bc1
Nc4 41. a4 Ra8 42. Kf2 Rba7 43. Ra1 b5 44. Ke2 Rxa4 45. Raxa4 bxa4 46. Bb2 Nxb2
47. Rxb2 a3 48. Ra2 Kc6 49. Kd2 Kb5 50. Kd3 Ra4 51. Ra1 a2 52. Kc2 Kc4 53. Kb2
Ra8 54. Kc2 Ra7 55. Kb2 Ra4 56. Kc2 Ra3 57. Kb2 Rxc3 58. Rxa2 Rxg3 59. Ra7 Rg4
60. Rxf7 Rxh4 61. Rf6 Kxd4 62. Rxg6 Rxf4 63. Rxe6 Re4 64. Rb6 Kxe5 65. Rh6 h4
66. Kc3 d4+ 67. Kd2 Kf5 68. Kd3 Rf4 69. Ke2 Kg4 70. Rg6+ Kh3 71. Ke1 Kh2 72.
Ke2 h3 73. Ke1 d3 74. Kd2 Rf3 75. Ke1 Rg3 76. Rf6 Rg2 77. Rf3 d2+ 78. Kd1 Rg3
79. Rf2+ Kg1 80. Rxd2 h2 81. Rxh2 Kxh2 0-1

[Event "Ì11Ï"]
[Site "Loo"]
[Date "2017.04.26"]
[Round "7.16"]
[White "Àíäðååâ, Êîíñòàíòèí."]
[Black "Ìî÷àëîâ, Äìèòðèé."]
[Result "0-1"]
[WhiteElo "1355"]
[BlackElo "1657"]
[PlyCount "54"]
[EventDate "2017.04.20"]

1. e4 c5 2. Nf3 d6 3. d4 cxd4 4. Nxd4 Nf6 5. Nc3 g6 6. Be2 Bg7 7. O-O O-O 8.
Nb3 Nc6 9. Re1 Bd7 10. Bf1 Rc8 11. Nd5 Nxd5 12. exd5 Ne5 13. c3 f5 14. Bg5 h6
15. Bc1 f4 16. Nd4 Qb6 17. Be2 g5 18. Nf3 Nxf3+ 19. Bxf3 Be5 20. Bg4 Qc7 21.
Bd2 Kg7 22. h3 Rb8 23. Qc2 Bxg4 24. hxg4 Qc4 25. Red1 f3 26. Re1 Qxg4 27. Qe4
Qxg2# 0-1

[Event "Ì11Ï"]
[Site "Loo"]
[Date "2017.04.26"]
[Round "7.17"]
[White "Êî÷åòîâ, Âÿ÷åñëàâ."]
[Black "Ñàïðûêèí, Àëåêñåé."]
[Result "1-0"]
[WhiteElo "1561"]
[BlackElo "1352"]
[PlyCount "85"]
[EventDate "2017.04.20"]

1. e4 c5 2. Nf3 d6 3. Bb5+ Bd7 4. Bxd7+ Qxd7 5. c4 g6 6. O-O Bg7 7. d4 cxd4 8.
Nxd4 Nf6 9. Nc3 O-O 10. f4 Nc6 11. Nf3 Rfd8 12. Qe2 Rac8 13. Nd5 e6 14. Nxf6+
Bxf6 15. Be3 d5 16. cxd5 exd5 17. e5 Bg7 18. Rfd1 Qe6 19. Qf2 a6 20. Bb6 Rd7
21. Bd4 Qf5 22. Be3 h6 23. Rac1 Re8 24. Nd4 Nxd4 25. Bxd4 g5 26. g3 gxf4 27.
Qxf4 Qxf4 28. gxf4 Kh7 29. Rc2 Rg8 30. Kf2 Rf8 31. Rcd2 f6 32. e6 Re7 33. Bc5
Rxe6 34. Bxf8 Bxf8 35. Rxd5 Re4 36. Rd7+ Kg6 37. Kf3 Rb4 38. b3 h5 39. Rg1+ Kh6
40. Rf7 Bc5 41. Rxf6+ Kh7 42. Rg5 h4 43. Rxc5 1-0

[Event "Ì11Ï"]
[Site "Loo"]
[Date "2017.04.26"]
[Round "7.18"]
[White "Ìàñòåðñêèõ, Áîãäàí."]
[Black "Êîïûëîâ, Àðò¸ì."]
[Result "0-1"]
[WhiteElo "1344"]
[BlackElo "1481"]
[PlyCount "90"]
[EventDate "2017.04.20"]

1. e4 c5 2. g3 e6 3. Bg2 Nc6 4. Ne2 g6 5. c3 Bg7 6. d4 cxd4 7. cxd4 d6 8. Nbc3
Nge7 9. O-O O-O 10. Be3 a6 11. Qd2 b5 12. a3 Bb7 13. Bh6 Rc8 14. Bxg7 Kxg7 15.
Rac1 Qb6 16. Nd1 Rc7 17. Ne3 Rfc8 18. Ng4 Ng8 19. Kh1 Na5 20. Rxc7 Rxc7 21. b4
Nc4 22. Qc3 Ne5 23. Qxc7 Qxc7 24. dxe5 dxe5 25. Rc1 Qd6 26. h3 Nf6 27. Nxf6
Kxf6 28. Kh2 Qd2 29. Rc7 Qxe2 30. Rxb7 Qxf2 31. Rd7 Qb2 32. Rd3 Ke7 33. h4 f5
34. exf5 exf5 35. Re3 e4 36. Kh3 Qd4 37. Re1 e3 38. Re2 Qd3 39. Bf1 Qxa3 40.
Kg2 Qc1 41. Ra2 Qc6+ 42. Kg1 Kf6 43. Re2 Qf3 44. Rg2 Ke5 45. Kh2 Qxf1 0-1

[Event "Ì11Ï"]
[Site "Loo"]
[Date "2017.04.26"]
[Round "7.19"]
[White "Ìåëèêÿí, Âàðäàí."]
[Black "ßðèêîâ, Àðòåì."]
[Result "1-0"]
[WhiteElo "1337"]
[BlackElo "1478"]
[PlyCount "85"]
[EventDate "2017.04.20"]

1. e4 c6 2. d4 d5 3. exd5 cxd5 4. c3 Bf5 5. Bd3 Bxd3 6. Qxd3 Nf6 7. Bf4 a6 8.
Nf3 Nbd7 9. Nbd2 e6 10. O-O Be7 11. Ne5 Nxe5 12. Bxe5 O-O 13. Rfe1 b5 14. a3
Qb6 15. Re3 Rfc8 16. Rh3 h6 17. Rg3 Ne8 18. Nf1 Bd6 19. Bxd6 Qxd6 20. Re1 Qc6
21. Ne3 Nd6 22. Ng4 Nf5 23. Ne5 Qb7 24. Rf3 a5 25. Qd2 b4 26. axb4 axb4 27.
cxb4 Ra4 28. g4 Nd6 29. Nd3 Nc4 30. Qf4 Ra2 31. g5 Qc7 32. Qg4 hxg5 33. Qxg5
Nxb2 34. Ne5 f6 35. Rxf6 Qe7 36. Ng4 Nd3 37. Rexe6 Rc1+ 38. Kg2 Ne1+ 39. Kg3
Ra3+ 40. Ne3 Qc7+ 41. Rd6 Nc2 42. Qxd5+ Kh8 43. Rf8+ 1-0

[Event "Ì11Ï"]
[Site "Loo"]
[Date "2017.04.26"]
[Round "7.20"]
[White "Êóðíîñîâ, Åãîð."]
[Black "Òðåôèëîâ, Âÿ÷åñëàâ."]
[Result "0-1"]
[WhiteElo "1467"]
[BlackElo "1346"]
[PlyCount "138"]
[EventDate "2017.04.20"]

1. d4 d5 2. c4 c6 3. Nc3 Nf6 4. Bg5 dxc4 5. e3 b5 6. a4 b4 7. Nb1 Qd5 8. Bxf6
exf6 9. Qc2 Bf5 10. Qxc4 Qxc4 11. Bxc4 Nd7 12. Nf3 Nb6 13. Bb3 a5 14. O-O Be6
15. Bxe6 fxe6 16. Rc1 Rc8 17. Nbd2 Kd7 18. Nb3 Ra8 19. Nfd2 Kc7 20. Nc4 Nxc4
21. Rxc4 Kb6 22. Rac1 Rc8 23. e4 Bd6 24. g3 f5 25. e5 Be7 26. Nc5 Bxc5 27.
dxc5+ Kc7 28. Rd4 Rhd8 29. Rcd1 Rd5 30. Rxd5 cxd5 31. Kf1 Kc6 32. Ke2 Rc7 33.
Rc1 d4 34. Kd3 Kd5 35. Rc4 Rxc5 36. Rxd4+ Kxe5 37. f4+ Kf6 38. Rd6 h6 39. h4 h5
40. Rd8 Rc1 41. Kd2 Ra1 42. b3 Ra2+ 43. Kc1 Rg2 44. Rd3 Re2 45. Kd1 Re4 46. Kd2
Ke7 47. Re3 Rxe3 48. Kxe3 Kd6 49. Kd4 g6 50. Kc4 e5 51. fxe5+ Kxe5 52. Kb5 f4
53. gxf4+ Kxf4 54. Kxa5 g5 55. hxg5 Kxg5 56. Kb6 h4 57. a5 h3 58. a6 h2 59. Kb7
h1=Q+ 60. Kb8 Kf4 61. a7 Ke3 62. a8=Q Qxa8+ 63. Kxa8 Kd3 64. Ka7 Kc3 65. Ka6
Kxb3 66. Kb5 Kc3 67. Ka4 b3 68. Kb5 b2 69. Kc5 b1=Q 0-1

[Event "Ì11Ï"]
[Site "Loo"]
[Date "2017.04.26"]
[Round "7.21"]
[White "Øèíêàðîâ, Àðòåì."]
[Black "Ñâèðèäîâ, Ëåîí."]
[Result "1-0"]
[WhiteElo "1451"]
[BlackElo "1330"]
[PlyCount "107"]
[EventDate "2017.04.20"]

1. d4 Nf6 2. c4 g6 3. Nc3 Bg7 4. e4 d6 5. Be2 O-O 6. Bg5 h6 7. Be3 e5 8. d5
Nbd7 9. Qd2 Kh7 10. f3 Nh5 11. g4 Nhf6 12. h4 Ne8 13. O-O-O a5 14. Nh3 c6 15.
Nf2 cxd5 16. exd5 Nc5 17. h5 g5 18. Nfe4 Nxe4 19. Nxe4 f6 20. Bd3 Kh8 21. Bc2
Rb8 22. Qd3 f5 23. Ng3 e4 24. Nxe4 fxe4 25. Qxe4 Nf6 26. Qg6 Qe8 27. Bxg5 Qxg6
28. hxg6 Ng8 29. Bxh6 Bxh6+ 30. g5 Kg7 31. Rxh6 Nxh6 32. gxh6+ Kxh6 33. Rh1+
Kg7 34. Rh7+ Kg8 35. Kd2 Bf5 36. Be4 Bxe4 37. fxe4 Rf6 38. Kd3 Rxg6 39. Rh2 Rf8
40. Kd4 Rf3 41. Re2 Rg4 42. c5 dxc5+ 43. Kxc5 Rff4 44. e5 Rc4+ 45. Kd6 Rge4 46.
Rxe4 Rxe4 47. e6 Kf8 48. Kd7 b5 49. d6 a4 50. a3 Re2 51. e7+ Kf7 52. Kd8 Re1
53. d7 Rxe7 54. Kc8 1-0

[Event "Ì11Ï"]
[Site "Loo"]
[Date "2017.04.26"]
[Round "7.22"]
[White "Ìàêñèí, Âëàäèìèð."]
[Black "Ðàæáàäèíîâ, Ðàñóë."]
[Result "0-1"]
[WhiteElo "1325"]
[BlackElo "1442"]
[PlyCount "106"]
[EventDate "2017.04.20"]

1. d4 d5 2. c4 e6 3. Nf3 Nf6 4. g3 Bb4+ 5. Bd2 Be7 6. Bg2 O-O 7. O-O c6 8. Nc3
dxc4 9. e4 Nbd7 10. Be3 b6 11. Nd2 b5 12. d5 Bb7 13. dxe6 fxe6 14. Bh3 e5 15.
Be6+ Kh8 16. Nf3 g6 17. Bh6 Qc7 18. Ng5 Nc5 19. Bxf8 Bxf8 20. Bh3 Bg7 21. Qe2
Re8 22. a4 h6 23. Nf3 a6 24. Nd2 Bc8 25. Bg2 Nd3 26. b3 Bg4 27. f3 Qb6+ 28. Kh1
Be6 29. axb5 cxb5 30. bxc4 bxc4 31. Rfb1 Nf2+ 32. Kg1 Nh3+ 33. Kh1 Qd4 34. Rc1
Nf2+ 35. Kg1 N2xe4+ 36. Kh1 Nf2+ 37. Kg1 N2e4+ 38. Kh1 Nxc3 39. Qe1 Nb5 40.
Rxa6 Nd7 41. Ne4 Nc5 42. Nxc5 Qxc5 43. Bf1 Bd5 44. Kg2 Nd4 45. Be2 Rf8 46. Ra5
Qc6 47. Kg1 Bxf3 48. Rxc4 Nxe2+ 49. Qxe2 Qb6+ 50. Qf2 Qxa5 51. Rc1 Qb5 52. Re1
e4 53. Qe3 Qd3 0-1

[Event "Ì11Ï"]
[Site "Loo"]
[Date "2017.04.26"]
[Round "7.23"]
[White "Íåãîðååâ, Çàõàð."]
[Black "Õîäüêî, Þðèé."]
[Result "0-1"]
[WhiteElo "1428"]
[BlackElo "1309"]
[PlyCount "32"]
[EventDate "2017.04.20"]

1. e4 e6 2. d4 d5 3. Bd3 c5 4. exd5 exd5 5. dxc5 Bxc5 6. Nf3 Ne7 7. O-O Nbc6 8.
h3 h6 9. c3 Qc7 10. Re1 Qg3 11. Be3 Bxh3 12. Bf1 Bxe3 13. Rxe3 Qg6 14. Qxd5 O-O
15. Qc4 Be6 16. Qh4 Nf5 0-1

[Event "Ì11Ï"]
[Site "Loo"]
[Date "2017.04.26"]
[Round "7.24"]
[White "Ïè÷êàñêîâ, Âàäèì."]
[Black "Âàõòèí, Ïåòð."]
[Result "0-1"]
[WhiteElo "1277"]
[BlackElo "1428"]
[PlyCount "164"]
[EventDate "2017.04.20"]

1. e4 c5 2. Nf3 Nc6 3. Nc3 g6 4. d4 cxd4 5. Nxd4 Bg7 6. Be3 Nf6 7. Bc4 O-O 8.
O-O d6 9. h3 Bd7 10. Qd2 Ne5 11. Bb3 a6 12. Rfe1 Rc8 13. Rad1 Bc6 14. Nxc6 Rxc6
15. Bf4 Nfd7 16. Bh6 Bxh6 17. Qxh6 Nf6 18. Qd2 Qc8 19. a3 Nc4 20. Bxc4 Rxc4 21.
Qd3 Qc7 22. Rc1 Re8 23. Re2 b5 24. Nd5 Nxd5 25. exd5 Rc5 26. Rd2 Qb7 27. c3
Rec8 28. Rcd1 a5 29. Qd4 Rc4 30. Qd3 b4 31. axb4 axb4 32. cxb4 Qxb4 33. Qa3 Rb8
34. Qxb4 Rcxb4 35. Rb1 Kg7 36. Kf1 Kf6 37. Ke2 Ke5 38. g3 R8b5 39. f4+ Kf6 40.
Kf2 Rb3 41. Kg2 h5 42. h4 Re3 43. Kf2 Rbb3 44. Rg1 Rf3+ 45. Ke2 Rxg3 46. Rxg3
Rxg3 47. Kf2 Rb3 48. Ke2 Kf5 49. Kd1 Kg4 50. Kc2 Rb5 51. Kc3 Kxh4 52. b4 Kg4
53. Rd4 h4 54. f5+ Kxf5 55. Rxh4 Ke5 56. Kc4 Rb7 57. b5 Ra7 58. Kb4 Kxd5 59. b6
Ra1 60. Rh3 Kc6 61. Rh7 Kxb6 62. Rxf7 Re1 63. Rg7 Re6 64. Kc4 Kc6 65. Kd4 d5
66. Rg8 Re4+ 67. Kd3 Rg4 68. Rd8 g5 69. Rc8+ Kd6 70. Rd8+ Ke5 71. Ra8 e6 72.
Ra5 Re4 73. Ra2 g4 74. Rg2 Kf4 75. Rf2+ Kg3 76. Rc2 Kf3 77. Rh2 g3 78. Rh3 Kg4
79. Rh8 g2 80. Rf8 Rf4 81. Rh8 Kf3 82. Rg8 Rg4 0-1

[Event "Ì11Ï"]
[Site "Loo"]
[Date "2017.04.26"]
[Round "7.25"]
[White "Öûáåíîâ, Àðñëàí."]
[Black "Ãðèøèí, ßðîñëàâ."]
[Result "1/2-1/2"]
[WhiteElo "1425"]
[BlackElo "1296"]
[PlyCount "98"]
[EventDate "2017.04.20"]

1. e4 c5 2. Nf3 Nc6 3. d4 cxd4 4. Nxd4 g6 5. Nc3 Bg7 6. Be3 Nf6 7. Bc4 Nxe4 8.
Bxf7+ Kxf7 9. Nxe4 Rf8 10. O-O Kg8 11. c3 d6 12. Ng5 Nxd4 13. cxd4 Bf5 14. Qb3+
d5 15. Qxb7 Rb8 16. Qxa7 Rxb2 17. Rac1 Bf6 18. a4 Qa8 19. Qxa8 Rxa8 20. Ra1 Rb4
21. a5 Rb5 22. Bd2 Bxd4 23. Ra4 Bf6 24. Rc1 Bxg5 25. Bxg5 Raxa5 26. Rxa5 Rxa5
27. Bxe7 d4 28. Bg5 d3 29. f3 Ra2 30. Rd1 Ra3 31. Kf2 Bc8 32. Rd2 Ba6 33. g4
Rc3 34. Kg3 Rc2 35. h4 Rxd2 36. Bxd2 Kf7 37. h5 gxh5 38. gxh5 Kf6 39. h6 Kf5
40. Kf2 Bb7 41. Ke3 Ba8 42. f4 Kg6 43. Kxd3 Kxh6 44. Kd4 Kg6 45. Ke5 Kf7 46. f5
Bf3 47. Bh6 Bg4 48. f6 Bc8 49. Bd2 Be6 1/2-1/2

[Event "Ì11Ï"]
[Site "Loo"]
[Date "2017.04.26"]
[Round "7.26"]
[White "Âîëîøêèí, Äàíèèë."]
[Black "Åôèìîâ, Ëåîíèä."]
[Result "0-1"]
[WhiteElo "1418"]
[BlackElo "1287"]
[PlyCount "44"]
[EventDate "2017.04.20"]

1. e4 e6 2. d4 d5 3. Nc3 Bb4 4. e5 c5 5. a3 Bxc3+ 6. bxc3 Nc6 7. Qg4 Nge7 8.
Qxg7 Rg8 9. Qxh7 cxd4 10. Nf3 Qa5 11. Bd2 dxc3 12. Bg5 Bd7 13. Bf6 Qa4 14. h4
Qe4+ 15. Qxe4 dxe4 16. Ng5 Nd4 17. Rc1 Ba4 18. Nxe4 Nxc2+ 19. Ke2 Nd5 20. g3
Bb5+ 21. Kf3 Nd4+ 22. Kg2 Nf4+ 0-1

[Event "Ì11Ï"]
[Site "Loo"]
[Date "2017.04.26"]
[Round "7.28"]
[White "Õàððàñîâ, Äìèòðèé."]
[Black "Êóëàêîâ, Òèìîôåé."]
[Result "1/2-1/2"]
[WhiteElo "1232"]
[BlackElo "1392"]
[PlyCount "73"]
[EventDate "2017.04.20"]

1. f4 e6 2. Nf3 Nf6 3. e3 Be7 4. b3 b6 5. Bb2 Bb7 6. Be2 O-O 7. O-O d6 8. Qe1
Nbd7 9. Qg3 Nh5 10. Qh3 Nhf6 11. Ng5 h6 12. Nf3 d5 13. Ne5 c5 14. d3 Qc7 15.
Nxd7 Nxd7 16. Rf3 Bf6 17. Bxf6 Nxf6 18. Rg3 Kh8 19. Nd2 d4 20. e4 Qxf4 21. Nc4
Qc7 22. Rf1 b5 23. Rxf6 Qxg3 24. Rxh6+ gxh6 25. Qxh6+ Kg8 26. hxg3 bxc4 27.
Qg5+ Kh8 28. bxc4 Rac8 29. Kh2 f6 30. Qh6+ Kg8 31. Bg4 Rc6 32. Qg6+ Kh8 33.
Qh6+ Kg8 34. Qg6+ Kh8 35. Qh6+ Kg8 36. Qg6+ Kh8 37. Qh6+ 1/2-1/2

[Event "Ì11Ï"]
[Site "Loo"]
[Date "2017.04.26"]
[Round "7.29"]
[White "Âîðîíèí, Íèêèòà."]
[Black "×åðòêîâ, Ìàêñèì."]
[Result "0-1"]
[WhiteElo "1104"]
[BlackElo "1368"]
[PlyCount "74"]
[EventDate "2017.04.20"]

1. d4 Nf6 2. Nf3 d6 3. Bf4 g6 4. e3 Bg7 5. c4 O-O 6. Bd3 c5 7. O-O Bg4 8. h3
Bxf3 9. Qxf3 Qb6 10. Qe2 cxd4 11. exd4 Qxd4 12. Be3 Qe5 13. Nc3 Nc6 14. f4 Qh5
15. Qc2 Nb4 16. Qd2 Nxd3 17. Qxd3 Nd7 18. Qe4 Nc5 19. Qc2 Rac8 20. f5 Qh4 21.
Rf4 Qg3 22. Qd2 Be5 23. Nd5 Rce8 24. Rf3 Qh2+ 25. Kf1 Qh1+ 26. Bg1 gxf5 27.
Rxf5 Ne4 28. Rg5+ Kh8 29. Qe3 Nxg5 30. Qxg5 Bd4 31. Ke2 Bxg1 32. Nf4 Rg8 33.
Qf5 f6 34. Qd5 e5 35. Nh5 Rxg2+ 36. Kd3 Qxh3+ 37. Ke4 f5# 0-1

[Event "Ì11Ï"]
[Site "Loo"]
[Date "2017.04.26"]
[Round "7.30"]
[White "Ðû÷èõèí, Âëàäèñëàâ."]
[Black "Ëûñîâ, Àðñåíèé."]
[Result "0-1"]
[WhiteElo "1491"]
[BlackElo "1354"]
[PlyCount "144"]
[EventDate "2017.04.20"]

1. b3 d5 2. Bb2 Nf6 3. e3 e6 4. c4 c6 5. Be2 Be7 6. d3 Nbd7 7. Nf3 O-O 8. O-O
b6 9. Nbd2 Bb7 10. Rc1 Rc8 11. h3 c5 12. Re1 h6 13. Bf1 Re8 14. g3 dxc4 15.
bxc4 Nb8 16. Qe2 Nc6 17. a3 Qd7 18. Bg2 Red8 19. d4 cxd4 20. exd4 Qe8 21. Red1
Qf8 22. Qe3 Qe8 23. Ne5 Ba8 24. Nef3 Qd7 25. Nb3 Nh7 26. d5 exd5 27. cxd5 Nb8
28. Ne5 Rxc1 29. Nxd7 Rxd1+ 30. Kh2 Rxd7 31. d6 R1xd6 32. Bxa8 Nc6 33. Bxc6
Rxc6 34. Nd4 Rc8 35. Nf5 Bf8 36. Qe5 Nf6 37. Nxh6+ Kh8 38. Nf5 Re8 39. Qf4 Re4
40. Qf3 Re6 41. g4 Nh7 42. Nxg7 Rg6 43. Nf5+ Kg8 44. Qc3 f6 45. Qc4+ Kh8 46.
Qe6 Rd2 47. Bd4 Rc2 48. Qf7 Rg5 49. Be3 Rg8 50. Bd4 Rg5 51. Bxf6+ Nxf6 52.
Qxf8+ Ng8 53. Kg3 Rc5 54. h4 Rcxf5 55. Qb4 Rg7 56. Kh3 Rxf2 57. Kg3 Rff7 58. g5
Rh7 59. Qd4+ Rfg7 60. Kg4 Nh6+ 61. Kf4 Nf7 62. Kg4 Kg8 63. Qe4 Nh6+ 64. Kf4
Rf7+ 65. Kg3 Nf5+ 66. Kg2 Nxh4+ 67. Kg1 Nf3+ 68. Kg2 Nxg5 69. Qa8+ Rf8 70. Qd5+
Nf7 71. Qd4 Rd8 72. Qg4+ Rg7 0-1

[Event "Ì11Ï"]
[Site "Loo"]
[Date "2017.04.26"]
[Round "7.31"]
[White "Ìåðöàëîâ, Ðîìàí."]
[Black "Æîñàí, ßííèñ."]
[Result "0-1"]
[WhiteElo "1344"]
[BlackElo "1487"]
[PlyCount "62"]
[EventDate "2017.04.20"]

1. e4 c5 2. Nf3 e6 3. c3 Nc6 4. a3 Nf6 5. d3 d5 6. exd5 Nxd5 7. Be2 Bd6 8. c4
Nf4 9. Bxf4 Bxf4 10. Nbd2 Bd7 11. Qc2 Qc7 12. Ne4 O-O 13. O-O Nd4 14. Nxd4
Bxh2+ 15. Kh1 cxd4 16. g3 f5 17. Kxh2 fxe4 18. dxe4 Rf6 19. Kg2 Bc6 20. Rh1 Qe5
21. Bd3 Raf8 22. Raf1 Rf3 23. Kg1 Ba4 24. b3 Bxb3 25. Qe2 R8f6 26. Rh3 h5 27.
Kg2 Ba4 28. Kg1 Bc6 29. Rh2 h4 30. g4 h3 31. Kh1 Rxd3 0-1

[Event "Ì11Ï"]
[Site "Loo"]
[Date "2017.04.26"]
[Round "7.32"]
[White "Íàóìîâ, Àðòåì."]
[Black "Èñàéêèí, Âàëåðèé."]
[Result "1/2-1/2"]
[WhiteElo "1477"]
[BlackElo "1297"]
[PlyCount "98"]
[EventDate "2017.04.20"]

1. e4 c6 2. d4 d5 3. e5 c5 4. dxc5 e6 5. a3 Nd7 6. Nf3 Bxc5 7. b4 Bb6 8. Bb2
Ne7 9. Bd3 O-O 10. O-O Bc7 11. Re1 Nb6 12. Ra2 Bd7 13. Nbd2 a5 14. bxa5 Rxa5
15. Nb3 Ra7 16. Nc5 Qa8 17. Nd4 Nc6 18. Nb5 Ra5 19. Nxd7 Nxd7 20. Nxc7 Qb8 21.
Nb5 Ncxe5 22. Qe2 Nc6 23. Qh5 g6 24. Qh6 e5 25. Bc3 Ra4 26. Qg5 f6 27. Qg3 Qd8
28. Nd6 Nc5 29. Nf5 e4 30. Bb5 Ra8 31. Bxc6 bxc6 32. Bb4 Qb6 33. Nh4 Rf7 34.
Qe3 Nd7 35. Qxb6 Nxb6 36. f3 f5 37. fxe4 fxe4 38. c3 Nc4 39. Rf1 Rd7 40. Rd1
Re8 41. Re2 Rf7 42. Rf1 Rc7 43. Bc5 Rb7 44. Nf3 Rb3 45. Bb4 Rc8 46. Nd4 Rb2 47.
Rxb2 Nxb2 48. Rf2 Nd3 49. Re2 c5 1/2-1/2

[Event "Ì11Ï"]
[Site "Loo"]
[Date "2017.04.26"]
[Round "7.33"]
[White "Óëüÿíîâ, Íèêèòà."]
[Black "Êàðïåíöåâ, Ìèõàèë."]
[Result "0-1"]
[WhiteElo "1316"]
[BlackElo "1465"]
[PlyCount "134"]
[EventDate "2017.04.20"]

1. e4 c5 2. Nc3 d6 3. g3 Nc6 4. Bg2 Nf6 5. d3 e6 6. Be3 Be7 7. Nf3 Bd7 8. O-O
O-O 9. h3 a6 10. a3 Qc7 11. Re1 d5 12. exd5 exd5 13. Bf4 Bd6 14. Bxd6 Qxd6 15.
Qd2 Rfe8 16. Rxe8+ Rxe8 17. Re1 Kf8 18. Rxe8+ Bxe8 19. Qe2 Qe7 20. Qxe7+ Kxe7
21. Nd2 Kd6 22. f4 Bd7 23. Kf2 Nd4 24. Nb3 Nxc2 25. Ne2 Ba4 26. Nd2 Bb5 27. Nc1
Nd4 28. b3 Bc6 29. Nf3 Nc2 30. a4 c4 31. bxc4 dxc4 32. dxc4 Ne4+ 33. Ke2 Nxg3+
34. Kd3 Nb4+ 35. Kc3 a5 36. Nb3 Ne2+ 37. Kd2 Nxf4 38. Bh1 b6 39. Nbd4 Bb7 40.
Nf5+ Kc7 41. Nxg7 Nxh3 42. Ne8+ Kd8 43. Nd6 Bc6 44. Nxf7+ Ke7 45. N7e5 Bxa4 46.
Nd4 Be8 47. Be4 Ng5 48. Bb1 h5 49. Nef3 Nxf3+ 50. Nxf3 Kf6 51. Kc3 Bc6 52. Nd4
Bd7 53. Nf3 Bf5 54. Bxf5 Kxf5 55. Kb3 Kf4 56. Ng1 h4 57. Ne2+ Kf3 58. Ng1+ Kg2
59. Ne2 h3 60. Nf4+ Kg3 61. Nxh3 Kxh3 62. Ka4 Kg4 63. Kb5 Kf4 64. Kxb6 a4 65.
c5 a3 66. c6 Nxc6 67. Kxc6 a2 0-1

[Event "Ì11Ï"]
[Site "Loo"]
[Date "2017.04.26"]
[Round "7.34"]
[White "Ñåì¸íîâ, Èëüÿ."]
[Black "Òðóõàíîâ, Ìèõàèë."]
[Result "1/2-1/2"]
[WhiteElo "1440"]
[BlackElo "1342"]
[PlyCount "124"]
[EventDate "2017.04.20"]

1. e4 c6 2. d4 d5 3. e5 Bf5 4. Nf3 e6 5. Be2 Nd7 6. O-O c5 7. Be3 Qb6 8. Nc3
cxd4 9. Bxd4 Qd8 10. Nd2 Ne7 11. Nb3 Nc6 12. f4 Be7 13. Kh1 h6 14. Bb5 O-O 15.
Na4 Nxd4 16. Nxd4 Be4 17. Nc3 Bh7 18. g4 Bc5 19. Nb3 Bb4 20. Ne2 Be4+ 21. Kg1
Qb6+ 22. Ned4 Nc5 23. c3 Nxb3 24. axb3 Bc5 25. Be2 Bxd4+ 26. cxd4 Rfc8 27. Bf3
Bc2 28. Qd2 Qxb3 29. Rac1 Qd3 30. Qxd3 Bxd3 31. Rfd1 Bb5 32. f5 Rc6 33. Rxc6
Bxc6 34. Rc1 Rc8 35. Kf2 Bd7 36. Rxc8+ Bxc8 37. Ke3 Kf8 38. Kd2 Ke7 39. Kc3 Kd7
40. h4 Kc6 41. f6 g6 42. g5 h5 43. Bxh5 Kd7 44. Be2 a6 45. Kb4 b6 46. Ka4 Ke8
47. b4 Kf8 48. Ka3 Ke8 49. b5 a5 50. Bd1 Kf8 51. Ba4 Bd7 52. Kb2 Be8 53. Kc3
Kg8 54. Kd2 Kh8 55. Ke3 Kg8 56. Kf4 Kh8 57. Kg4 Kg8 58. h5 gxh5+ 59. Kxh5 Kh7
60. Bc2+ Kg8 61. Ba4 Kh8 62. Kh6 Kg8 1/2-1/2

[Event "Ì11Ï"]
[Site "Loo"]
[Date "2017.04.26"]
[Round "7.35"]
[White "Êóäèíîâ, Ðîìàí."]
[Black "Ôàäååâ, Àëåêñåé."]
[Result "0-1"]
[WhiteElo "1163"]
[BlackElo "1431"]
[PlyCount "150"]
[EventDate "2017.04.20"]

1. Nf3 d5 2. g3 Nf6 3. Bg2 c5 4. O-O Bf5 5. d3 e6 6. Nfd2 Be7 7. e4 dxe4 8.
dxe4 Bg6 9. Nc3 O-O 10. f4 Bh5 11. Bf3 Bxf3 12. Qxf3 Nc6 13. Ne2 Nd4 14. Qd3
Nxe2+ 15. Qxe2 Qd4+ 16. Kh1 Qd6 17. Nf3 Qc6 18. Re1 Rfd8 19. Ne5 Qc7 20. b3 Nd7
21. Bb2 Bf6 22. Nc4 Bxb2 23. Nxb2 Nb6 24. f5 exf5 25. exf5 Qc6+ 26. Kg1 Re8 27.
Qg4 Qf6 28. Nd3 Qc3 29. Rxe8+ Rxe8 30. Rc1 h6 31. Qf3 Qd4+ 32. Kh1 Nd5 33. c4
Nf6 34. Nf4 b6 35. Nd5 Ne4 36. Rf1 Ng5 37. Qg2 Qd3 38. f6 Re2 39. Ne7+ Kh7 40.
Qa8 Rxe7 41. Qg2 gxf6 42. h4 Ne4 43. Rf3 Qd1+ 44. Kh2 Rd7 45. Rf1 Qd2 46. Kh3
Qxg2+ 47. Kxg2 Rd2+ 48. Kf3 Rd4 49. Re1 f5 50. g4 Kg6 51. gxf5+ Kxf5 52. h5
Rd3+ 53. Ke2 Rd2+ 54. Ke3 Rd4 55. Rf1+ Ke6 56. Rf4 f5 57. a3 Ke5 58. Rf1 Ng3
59. Rc1 Nxh5 60. b4 f4+ 61. Ke2 Ng3+ 62. Kf3 h5 63. a4 Rd3+ 64. Kg2 Ke4 65. a5
h4 66. axb6 axb6 67. bxc5 bxc5 68. Rb1 f3+ 69. Kh2 f2 70. Rf1 Nxf1+ 71. Kg2
Ne3+ 72. Kxf2 Rd2+ 73. Kg1 Kf3 74. Kh1 Kg3 75. Kg1 Rd1# 0-1

[Event "Ì11Ï"]
[Site "Loo"]
[Date "2017.04.26"]
[Round "7.36"]
[White "Ñåïèàøâèëè, Èâàí."]
[Black "Ïîçäååâ, Äìèòðèé."]
[Result "1-0"]
[WhiteElo "1431"]
[BlackElo "1281"]
[PlyCount "83"]
[EventDate "2017.04.20"]

1. e4 e5 2. Nf3 Nc6 3. Bb5 a6 4. Ba4 Nf6 5. O-O b5 6. Bb3 d6 7. c3 Na5 8. Bc2
c5 9. d4 cxd4 10. cxd4 Nc6 11. dxe5 dxe5 12. Qe2 Bg4 13. Be3 Rc8 14. Rd1 Qc7
15. Bd3 Nb4 16. Nc3 Nxd3 17. Rxd3 Bc5 18. Bxc5 Qxc5 19. Nd5 Qd6 20. h3 Bh5 21.
Nf4 Bxf3 22. Qxf3 Qe7 23. Nd5 Nxd5 24. Rxd5 O-O 25. Qg3 f6 26. Qb3 Rc4 27. a3
Qf7 28. Qd3 Qc7 29. Rd1 Rc1 30. Rd7 Rxd1+ 31. Qxd1 Qc4 32. Qg4 g6 33. h4 f5 34.
Qg5 Qe6 35. Re7 Qd6 36. exf5 Rxf5 37. Re8+ Kf7 38. Rd8 Qc7 39. Qd2 Qc6 40. Rd6
Qc4 41. Rd7+ Kg8 42. Qh6 1-0

[Event "Ì11Ï"]
[Site "Loo"]
[Date "2017.04.26"]
[Round "7.38"]
[White "Îðëîâ, Ïîòàï."]
[Black "Çåíêîâ, Ìàêñèì."]
[Result "0-1"]
[WhiteElo "1217"]
[BlackElo "1408"]
[PlyCount "82"]
[EventDate "2017.04.20"]

1. e4 e6 2. c4 d5 3. cxd5 exd5 4. exd5 Nf6 5. Bb5+ Nbd7 6. Qe2+ Be7 7. d6 cxd6
8. a4 a6 9. Bc4 d5 10. Ba2 O-O 11. Nf3 Nc5 12. O-O Bf5 13. Nc3 Bd3 14. Qe3 Bxf1
15. Kxf1 Qd7 16. Ne5 Qd6 17. d4 Nce4 18. Nxd5 Nxd5 19. Qxe4 Nf6 20. Qd3 Rad8
21. Be3 Qxe5 22. dxe5 Rxd3 23. exf6 Bxf6 24. Rb1 Rfd8 25. Ke2 b5 26. axb5 axb5
27. g4 h6 28. f4 R3d7 29. b3 b4 30. Rc1 Ra8 31. Rc2 Bc3 32. h4 Bd4 33. Bxd4
Rxd4 34. Ke3 Rd1 35. Rb2 Re8+ 36. Kf2 Rh1 37. h5 Rh2+ 38. Kg3 Rxb2 39. g5 Rxa2
40. gxh6 gxh6 41. f5 Kg7 0-1

[Event "Ì11Ï"]
[Site "Loo"]
[Date "2017.04.26"]
[Round "7.39"]
[White "Íîâèêîâ, Äåíèñ."]
[Black "ßò÷åíêî, Ëåîíèä."]
[Result "1/2-1/2"]
[WhiteElo "1393"]
[BlackElo "1233"]
[PlyCount "119"]
[EventDate "2017.04.20"]

1. e4 c5 2. Nf3 d6 3. c3 Nf6 4. h3 Nc6 5. Bd3 g6 6. Bc2 Bg7 7. d4 b6 8. O-O Ba6
9. Re1 O-O 10. Be3 cxd4 11. cxd4 Nb4 12. Nc3 Nxc2 13. Qxc2 Rc8 14. Qd2 Bb7 15.
Bh6 Qd7 16. Bxg7 Kxg7 17. d5 b5 18. Qd4 Rc4 19. Qd3 Qc8 20. Nxb5 Ba6 21. Nxa7
Qb7 22. Nc6 Rxe4 23. Qb3 Rxe1+ 24. Rxe1 Qxb3 25. axb3 Nxd5 26. Nxe7 Nb4 27. Kh2
Bb5 28. Kg3 Re8 29. Nd4 Bd7 30. Re3 Kf6 31. Kf4 g5+ 32. Kf3 Rxe7 33. Rc3 g4+
34. hxg4 Bxg4+ 35. Kxg4 Re4+ 36. Kh5 Nd5 37. Rf3+ Ke7 38. Nf5+ Ke6 39. Ng3 Re5+
40. Kh4 f5 41. Nh5 Ne7 42. Kh3 Nd5 43. Nf4+ Nxf4+ 44. Rxf4 Re2 45. Rh4 Rxb2 46.
Rxh7 Rxb3+ 47. Kh2 Rb8 48. Rh6+ Ke5 49. f4+ Kxf4 50. Rxd6 Rh8+ 51. Kg1 Rg8 52.
Rd4+ Ke3 53. Ra4 f4 54. Ra3+ Ke4 55. Rf3 Rd8 56. Kf2 Rd2+ 57. Kf1 Ra2 58. Rh3
Rb2 59. Ra3 Rb1+ 60. Kf2 1/2-1/2